Statistics for Nordic, Scandinavian, Baltic and Balkan Countries

Click here to take the quiz!

General Stats

  • This quiz has been taken 91 times
    (81 since last reset)
  • The average score is 19 of 21

Answer Stats

Countries% Correct
Sweden
96%
Sweden
96%
Denmark
95%
Denmark
95%
Finland
95%
Norway
95%
Norway
95%
Estonia
92%
Iceland
91%
Latvia
91%
Lithuania
91%
Croatia
87%
Serbia
86%
Bosnia and Herzegovina
84%
Kosovo
84%
Montenegro
84%
Albania
83%
Slovenia
83%
Bulgaria
80%
Romania
80%
North Macedonia
79%

Score Distribution

Percentile by Number Answered

Percent of People with Each Score

Your Score History

You have not taken this quiz since the last reset